Enhanced hole injection in organic light-emitting diodes using a SAM-derivatised ultra-thin gold anode supported on ITO glass /
Salvato in:
| Altri autori: | , , , , |
|---|---|
| Natura: | Articolo |
| Lingua: | English |
| Soggetti: | |
| Tags: |
Aggiungi Tag
Nessun Tag, puoi essere il primo ad aggiungerne! !
|
| Thư viện lưu trữ: | Thư viện Trường Đại học Đà Lạt |
|---|
| LEADER | 01109nam a2200361 4500 | ||
|---|---|---|---|
| 001 | DLU090095239 | ||
| 005 | ##20091201 | ||
| 040 | # | # | |a DLU |b eng |
| 041 | # | # | |a eng |
| 044 | # | # | |a us |
| 245 | # | # | |a Enhanced hole injection in organic light-emitting diodes using a SAM-derivatised ultra-thin gold anode supported on ITO glass / |c Ross A. Hatton ... [et al.]. |
| 653 | # | # | |a Anode |
| 653 | # | # | |a Chemical modification |
| 653 | # | # | |a Gold |
| 653 | # | # | |a Luminance |
| 653 | # | # | |a Organic Optoelectronic device compounds |
| 653 | # | # | |a Quantum yield |
| 653 | # | # | |a Ultrathin films |
| 700 | # | # | |a Briggs, David. |
| 700 | # | # | |a Chesters, Michael A. |
| 700 | # | # | |a Hatton, Ross A. |
| 700 | # | # | |a Rutten, Frank J. M. |
| 700 | # | # | |a Willis, Martin R. |
| 773 | # | # | |t Journal of Materials Chemistry |g Vol. 13, no. 1 (2003), p. 38-43 |
| 920 | # | # | |a Phòng Tạp chí -- Trung tâm Thông tin - Thư viện Trường Đại học Đà Lạt |
| 994 | # | # | |a DLU |
| 900 | # | # | |a True |
| 911 | # | # | |a Trương Bảo Trâm Anh |
| 925 | # | # | |a G |
| 926 | # | # | |a A |
| 927 | # | # | |a BB |
| 980 | # | # | |a Thư viện Trường Đại học Đà Lạt |